[Event "EYCC 2024 - G10"]
[Site "?"]
[Date "2024.08.31"]
[Round "9.14"]
[White "Malcheva, Niya"]
[Black "Mierina, Liva"]
[Result "1-0"]
[BlackElo "1599"]
[WhiteElo "1551"]
[LiveChessVersion "1.4.8"]

1. e4 {[%clk 1:30:58]} c5 {[%clk 1:30:56]} 2. Nc3 {[%clk 1:31:24]} Nc6
{[%clk 1:31:14]} 3. Bb5 {[%clk 1:31:48]} g6 {[%clk 1:31:14]} 4. Bxc6
{[%clk 1:32:08]} bxc6 {[%clk 1:31:29]} 5. Nf3 {[%clk 1:31:33]} Bg7
{[%clk 1:31:16]} 6. d3 {[%clk 1:31:36]} Nf6 {[%clk 1:30:35]} 7. O-O
{[%clk 1:31:42]} O-O {[%clk 1:30:52]} 8. Re1 {[%clk 1:24:06]} Re8
{[%clk 1:27:44]} 9. h3 {[%clk 1:14:39]} e5 {[%clk 1:24:51]} 10. Be3
{[%clk 1:12:20]} d6 {[%clk 1:21:26]} 11. Nd2 {[%clk 1:11:18]} Rb8
{[%clk 1:15:55]} 12. Qc1 {[%clk 1:10:30]} Be6 {[%clk 1:09:41]} 13. Rf1
{[%clk 1:05:21]} Nh5 {[%clk 1:06:14]} 14. Ne2 {[%clk 1:00:44]} Qb6
{[%clk 1:01:51]} 15. b3 {[%clk 0:56:03]} d5 {[%clk 0:57:05]} 16. f3
{[%clk 0:52:08]} d4 {[%clk 0:48:18]} 17. Bf2 {[%clk 0:52:11]} Qd8
{[%clk 0:42:44]} 18. Nc4 {[%clk 0:50:05]} Bxc4 {[%clk 0:35:12]} 19. bxc4
{[%clk 0:50:16]} Qf6 {[%clk 0:26:39]} 20. Be1 {[%clk 0:47:00]} Rb7
{[%clk 0:20:59]} 21. f4 {[%clk 0:46:46]} exf4 {[%clk 0:18:21]} 22. Nxf4
{[%clk 0:45:46]} Nxf4 {[%clk 0:18:21]} 23. Rxf4 {[%clk 0:45:39]} Qd6
{[%clk 0:17:37]} 24. Bd2 {[%clk 0:44:02]} Re6 {[%clk 0:15:27]} 25. Rf2
{[%clk 0:36:45]} Rf6 {[%clk 0:14:24]} 26. Bf4 {[%clk 0:29:20]} Qd7
{[%clk 0:11:12]} 27. Bg3 {[%clk 0:27:57]} Rxf2 {[%clk 0:10:58]} 28. Bxf2
{[%clk 0:28:21]} Qd6 {[%clk 0:10:09]} 29. Qa3 {[%clk 0:23:46]} Qe5
{[%clk 0:07:03]} 30. h4 {[%clk 0:21:54]} Qh5 {[%clk 0:04:09]} 31. Re1
{[%clk 0:21:57]} Bh6 {[%clk 0:03:25]} 32. Qa6 {[%clk 0:14:58]} Rc7
{[%clk 0:03:26]} 33. Bg3 {[%clk 0:13:25]} Re7 {[%clk 0:01:17]} 34. Qc8+
{[%clk 0:12:59]} Kg7 {[%clk 0:00:37]} 35. Bd6 {[%clk 0:06:38]} Qxh4
{[%clk 0:00:38]} 36. g3 {[%clk 0:06:22]} 1-0